000 01514nam a2200277 4500
001 0000020530
003 CO-CtgCURN
005 20250331185239.0
007 ta
008 160627s2005 000 0 eng d
020 _a9707291621
040 _aCO-CtgCURN
_bspa
_ccoctgcurn
082 0 _a636.089
_bM765
100 1 _aMontaño Hirose, Juan Antonio.
245 1 0 _aTemas selectos de inmunología veterinaria /
_cJuan Antonio Montaño Hirose.
260 _aMexico :
_bManual Moderno,
_c2005.
300 _a220 p.: il.
336 _2rdacontent
337 _2rdamedia
_asin mediacion
_bn
338 _2rdacarrier
_avolumen
_bnc
505 8 _aContenido: Historia de la inmunología.--Bases moleculares de la formacion de anticuerpos y del receptor de linfocitos T.--Anticuerpos monoclonales.--Sistema inmunitario y apoptosis.--Inmunidad mediada por celulas y enfermedades virales.--Complejo principal de histocompatibilidad.--Dermatitis alergicas y autoinmunitarias en perros y gatos.--Tejido linfoide relacionado con intestinos.--Microfagos, celulas dentritica y celulas y/o: intersección de la resistencia y la inmunidad.--Inmunología aviar.--Caracteristicas de la respuesta inmunitaria del cerdo.--Inmunizacion en perros y gatos.--Perfiles serologicos para evaluar el estado sanitario de las granjas porcinas.--Diagnostico inmunologico
650 1 4 _aInmunología.
908 _a160627
942 _cBK
_h636.089
_iM765
_2ddc
999 _c24020
_d24020